Music Quiz

Random Music or Kpop Quiz

Name My ULTIMATE Kpop Biases ( Female Version) Quiz Stats

Quiz not verified by Sporcle

Challenge
Share
Tweet
Score 0/27 Timer 10:00
0 Plays Today
% Correct
Rose
99.3%
Luna
96.5%
Taeyeon
96.5%
Seulgi
93.8%
Solji
92.4%
SinB
92.4%
Wheein
91.7%
Soyou
89.6%
Jia
88.9%
Yura
85.4%
Namjoo
84.7%
Yuna
81.3%
Hara
79.2%
Sejeong
67.4%
% Correct
Kei
66.7%
Kyungri
62.5%
Alice
60.4%
Eunjung
59.7%
Seungyeon
55.6%
Jei
55.6%
Serri
53.5%
Jine
48.6%
Eunseo
43.8%
Haeryung
38.9%
ZN
38.2%
Woori
31.9%
Minhee
30.6%

You're not logged in!

Compare scores with friends on all Sporcle quizzes.
Sign Up with Email
OR
Log In

You Might Also Like...

Show Comments

Extras

Top Quizzes Today


Score Distribution

Your Account Isn't Verified!

In order to create a playlist on Sporcle, you need to verify the email address you used during registration. Go to your Sporcle Settings to finish the process.